000
00283nam a2200109Ia 4500
008
220204s9999 xx 000 0 und d
082
_a
336.741.237.1
_b
COA
100
_a
COATES, Robert C
245
0
_a
Demand for money by firms
260
_a
New York
_b
Marcel Dekker
_c
1976
942
_c
BK
999
_c
25548
_d
25548